000 00631cam a2200229 4500500
005 20260329002107.0
041 _afre
042 _adc
100 1 0 _aDuru, Martin
_eauthor
245 0 0 _aJean Baudrillard
260 _c2010.
500 _a20
690 _aConsommation
690 _aJean Baudrillard
690 _aModernité
690 _aObjet
690 _aRéalité
690 _aSimulacre
690 _aSociologie
786 0 _nPhilosophie magazine | 42 | 9 | 2010-09-01 | p. 32-32 | 1951-1787
856 4 1 _uhttps://shs.cairn.info/magazine-philosophie-magazine-2010-9-page-32?lang=fr&redirect-ssocas=7080
999 _c1811645
_d1811645